| 000 | 004400000a22001690004500 | ||
|---|---|---|---|
| 003 | MACL | ||
| 005 | 20160112132540.0 | ||
| 008 | 160112b xxu||||| |||| 00| 0 eng d | ||
| 040 |
_aMACL _cMACL |
||
| 041 | _aEnglish | ||
| 082 | _a945/PEN | ||
| 100 |
_aCrawford, Francis Marion _929442 |
||
| 245 | _aGleanings from Venetion History | ||
| 260 |
_bMacmillan & Co Ltd _c1905 _aLondon |
||
| 650 |
_aHistory _931266 |
||
| 942 |
_cBK _k945.3/PEN _2ddc |
||
| 999 |
_c36954 _d36954 |
||